000 00580nam a2200253Ia 4500
003 OSt
005 20220912145639.0
006 a|||||r|||| 00| 0
007 ta
008 220909b |||||||| |||| 00| 0 eng d
024 _a72306
037 _cTextual
040 _aCSL
_beng
_cCSL
041 _aeng
082 _aL:4:625:C, K4
100 _aJohns H E
245 0 _aPhysics of radiology
250 _a2
260 _c1964
300 _ap.
_ccm.
650 _aRadiotherapy
942 _hL:4:625:C, K4
_cTEXL
_2CC
999 _c35533
_d35533